000 01741nam a2200277 a 4500
001 BS0002741
003 BR-BrBNA
005 20230418192120.0
008 230308b |||||||| |||| 00| 0 por d
040 _aBR-BrBNA
_bpor
_cBiblioteca Nacional de Agricultura
041 _apor
072 _aB59
090 _aB59 BS0002741
100 1 _aCamilo (Espírito)
245 1 _aDesafios da vida familiar /
250 1 _a2. ed.
260 3 _aNiterói, RJ:
_bFráter,
_c2003.
300 _a128 p.
500 _aPscicografado por J. Raul Teixeira.
520 3 _aQuem era Paulo de Tarso? Um fariseu fanático, obstinado perseguidor de cristãos e da nascente doutrina cristã? Ou um ser predestinado por determinação divina, que recebeu a dádiva da aparição de Jesus, em gloriosa visão às portas da cidade de Damasco, convertendo-se ao Cristianismo? A leitura deste livro nos mostrará a grandeza de Paulo de Tarso. Corajoso, intrépido e sincero que, arrependido de uma postura radical que culminou no apedrejamento de Estêvão - o primeiro mártir do Cristianismo -, humildemente empreendeu acelerada revisão de conceitos e atendeu ao chamado de Jesus. Entre perseguições, enfermidades, zombarias, desilusões, deserções de companheiros, pedradas, açoites e encarceramentos, transformou sua vida num exemplo de trabalho através de dezenas de anos de luta, empenhado em abrir igrejas cristãs e dar-lhes assistência. Em algum ponto da vida todos recebemos um chamado do Cristo. Que temos feito? PAULO E ESTÊVÃO fará você compreender como o amor apaga a multidão de faltas cometidas.
650 _aDOUTRINAS
650 _aESPIRITISMO
650 _aRELIGIÃO
909 _a202304
_bSergio Santos
_c56
_dSergio Santos
942 _cBK
999 _c7799
_d7799